| 000 | 00549nam a22001817a 4500 | ||
|---|---|---|---|
| 999 |
_c186495 _d186495 |
||
| 005 | 20220307152108.0 | ||
| 010 | _aENG-131859 | ||
| 020 |
_a9789353228286 _c325.00 |
||
| 035 | _aEN-115391 | ||
| 037 | _bDBAD/PUB | ||
| 082 |
_a000 _b1 |
||
| 100 | _aUSMAN AAMIR BIN | ||
| 245 |
_a Current Affairs Events & Issues 2021: _b2700+ MCQs Based On/ |
||
| 260 |
_aNew Delhi _bPrabhat Exam |
||
| 270 |
_a4/19 Asaf Ali Road _bNew Delhi _e110002 _k23289555 _mprabhatbooks@gmai.com |
||
| 300 |
_a347p. _c27cm(pbk) |
||
| 942 |
_2ddc _cEN _h000 _mUSM |
||